|
|
|
|
| LEADER |
00000cam a2200000 7i4500 |
| 001 |
0000013860 |
| 005 |
20080311.0 |
| 008 |
050208 |
| 090 |
0 |
0 |
|a 297
|b MUS
|
| 100 |
0 |
|
|a Mustafa Mahmoud
|
| 245 |
1 |
0 |
|a Rahasia maha agung
|c Mustafa Mahmoud
|
| 260 |
|
|
|a Surabaya, Indonesia :
|b Mutiara Ilmu ,
|c 1986
|
| 650 |
|
0 |
|a Islam
|x Doctrines
|
| 700 |
1 |
|
|a AbuBakar Basymeleh-Ibrahim Mansur
|
| 999 |
|
|
|a 0001008418
|b Book
|c Adult Collection
|e Perbadanan Perpustakaan Awam Johor
|
| 999 |
|
|
|a 0001008419
|b Book
|c Adult Collection
|e Perbadanan Perpustakaan Awam Johor
|
| 999 |
|
|
|a 0001008420
|b Book
|c Adult Collection
|e Perbadanan Perpustakaan Awam Johor
|